[Event "29. Torneo San Viator 2017 - Torneo B"]
[Site "Madrid ESP"]
[Date "2017.09.17"]
[Round "1.22"]
[White "Climent Castillo, Daniel"]
[Black "Fernandez Garcia, Emilio"]
[Result "0-1"]
[WhiteElo "1237"]
[BlackElo "1579"]
[PlyCount "92"]
[EventDate "2017.09.17"]
[EventType "swiss"]
[EventRounds "9"]
[EventCountry "ESP"]
[SourceTitle "Ajedrez en Madrid"]
[Source "lmi"]
[SourceDate "2017.09.17"]

1. d4 Nf6 2. c4 e6 3. Nc3 d5 4. e3 Be7 5. Nf3 Nbd7 6. Be2 c6 7. O-O O-O 8. a3
b6 9. b4 Bb7 10. c5 b5 11. Bb2 Qc7 12. Qc2 Rfe8 13. e4 dxe4 14. Nxe4 Nxe4 15.
Qxe4 Nf6 16. Qe5 Nd5 17. Qxc7 Nxc7 18. Ne5 Nd5 19. g3 f6 20. Ng4 Bd8 21. Bf3
Bc7 22. Rfe1 Kf7 23. Re2 a5 24. Bxd5 exd5 25. Rae1 Rxe2 26. Rxe2 axb4 27. axb4
Ra4 28. Bc3 Ra3 29. Re3 h5 30. Bd2 Ra1+ 31. Kg2 hxg4 32. h3 gxh3+ 33. Kxh3 Bc8+
34. Kg2 Bf5 35. Kh2 Ra2 36. Be1 g5 37. Kg2 g4 38. Kf1 Be4 39. Kg1 Bf3 40. Kf1
Ra8 41. Bc3 Rh8 42. Ke1 Rh1+ 43. Kd2 Rf1 44. Rxf3 gxf3 45. Ke3 Rb1 46. Bd2 Rb3+
0-1

[Event "29. Torneo San Viator 2017 - Torneo B"]
[Site "Madrid ESP"]
[Date "2017.09.17"]
[Round "1.23"]
[White "Alameda Arellano, Cristeto"]
[Black "Serrano Ruiz, Miguel"]
[Result "1-0"]
[WhiteElo "1577"]
[BlackElo "1237"]
[PlyCount "75"]
[EventDate "2017.09.17"]
[EventType "swiss"]
[EventRounds "9"]
[EventCountry "ESP"]
[SourceTitle "Ajedrez en Madrid"]
[Source "lmi"]
[SourceDate "2017.09.17"]

1. d4 d5 2. Bf4 Nc6 3. e3 Nf6 4. Bd3 e6 5. Nf3 Bd6 6. Bg3 O-O 7. Nbd2 Qe7 8.
Ne5 Bxe5 9. dxe5 Nd7 10. f4 Nb4 11. Be2 Qc5 12. c3 Nc6 13. Bf2 Qe7 14. Bd3 Nc5
15. Bc2 f6 16. exf6 Qxf6 17. Nf3 Bd7 18. Bh4 Qh6 19. Bg5 Qh5 20. h3 b5 21. g4
Qf7 22. Qe2 Rae8 23. O-O-O e5 24. f5 a6 25. Bh4 h6 26. Qd2 g5 27. Bg3 e4 28.
Nd4 Ne5 29. Bxe5 Rxe5 30. h4 gxh4 31. Rxh4 Qg7 32. Rdh1 Rf6 33. Ne2 Be8 34. Nf4
Rd6 35. Qd4 Nd7 36. Ne6 c5 37. Qd1 Qf7 38. Rxh6 1-0

[Event "29. Torneo San Viator 2017 - Torneo B"]
[Site "Madrid ESP"]
[Date "2017.09.17"]
[Round "1.24"]
[White "Teran Gonzalez, Adrian"]
[Black "Cortijo Manso, Luis"]
[Result "0-1"]
[WhiteElo "1211"]
[BlackElo "1555"]
[PlyCount "140"]
[EventDate "2017.09.17"]
[EventType "swiss"]
[EventRounds "9"]
[EventCountry "ESP"]
[SourceTitle "Ajedrez en Madrid"]
[Source "lmi"]
[SourceDate "2017.09.17"]

1. d4 Nf6 2. c4 c5 3. d5 b5 4. e3 bxc4 5. Bxc4 d6 6. Nc3 g6 7. e4 Bg7 8. Nge2
O-O 9. O-O Nbd7 10. Be3 Ng4 11. Rc1 Nxe3 12. fxe3 Ne5 13. Bb5 a6 14. Bc6 Rb8
15. Nf4 Nc4 16. Qe2 Ne5 17. Qd1 Rxb2 18. Re1 Bg4 19. Nce2 Rb4 20. h3 Bc8 21. a3
Rb6 22. Qa4 Qc7 23. Red1 Nxc6 24. dxc6 Qxc6 25. Qxc6 Rxc6 26. Nd5 Re8 27. Rf1
Bb7 28. Rb1 Ba8 29. Rfc1 Bh6 30. Kf2 Bg7 31. Nb6 e6 32. Nxa8 Rxa8 33. Nd4 Rcc8
34. Rb6 cxd4 35. Rxc8+ Rxc8 36. Rxd6 dxe3+ 37. Kxe3 Rc3+ 38. Rd3 Rxd3+ 39. Kxd3
Be5 40. Kc4 a5 41. g4 Bd6 42. a4 f5 43. exf5 exf5 44. Kd3 f4 45. Ke4 Kf7 46.
Kd3 Ke6 47. Ke4 h6 48. h4 Bc7 49. g5 h5 50. Kd3 Kf5 51. Ke2 Kg4 52. Kf2 Kxh4
53. Kf3 Kxg5 54. Kf2 Kg4 55. Kg2 g5 56. Kf2 Bb6+ 57. Kg2 Kf5 58. Kh2 Ke4 59.
Kg2 Kd4 60. Kf2 Kc4+ 61. Kg2 Kb4 62. Kh2 Kxa4 63. Kg2 Kb3 64. Kh2 a4 65. Kg2 a3
66. Kh2 a2 67. Kg2 g4 68. Kh2 h4 69. Kg2 a1=Q 70. Kh2 Qg1# 0-1

[Event "29. Torneo San Viator 2017 - Torneo B"]
[Site "Madrid ESP"]
[Date "2017.09.17"]
[Round "1.25"]
[White "Rendo Quindos, Pedro"]
[Black "Crespo Gomez, Ruben"]
[Result "1-0"]
[WhiteElo "1550"]
[BlackElo "1204"]
[PlyCount "109"]
[EventDate "2017.09.17"]
[EventType "swiss"]
[EventRounds "9"]
[EventCountry "ESP"]
[SourceTitle "Ajedrez en Madrid"]
[Source "lmi"]
[SourceDate "2017.09.17"]

1. e4 e6 2. Nf3 c5 3. b3 Nc6 4. Bb2 d5 5. exd5 exd5 6. Bb5 Nf6 7. O-O Bd6 8.
Re1+ Be6 9. Bxc6+ bxc6 10. d3 O-O 11. Nbd2 Bg4 12. Qe2 Re8 13. Qf1 h6 14. Rxe8+
Nxe8 15. Ne5 Qg5 16. Ndf3 Bxf3 17. Nxf3 Qh5 18. Re1 d4 19. Re2 Nf6 20. h3 Nd5
21. Qe1 Nf4 22. Re8+ Rxe8 23. Qxe8+ Kh7 24. Qe4+ f5 25. Qxc6 Qg6 26. Nh4 Qe6
27. Nxf5 Qxf5 28. Qxd6 Qg5 29. Qc6 Nxh3+ 30. Kf1 Nf4 31. Qe4+ Kh8 32. Bc1 Qh5
33. Bxf4 Qd1+ 34. Qe1 Qxc2 35. Qd2 Qb1+ 36. Ke2 Qh1 37. g3 Qh5+ 38. f3 Qh2+ 39.
Kd1 Qh1+ 40. Kc2 Qxf3 41. Bd6 Qd5 42. Qf4 Qg2+ 43. Kb1 Qh1+ 44. Kb2 Qe1 45. Qc1
Qe2+ 46. Qc2 Qxc2+ 47. Kxc2 g5 48. Bxc5 a6 49. Bxd4+ Kg8 50. Kc3 Kf7 51. Kc4 h5
52. Kd5 Kg6 53. Ke6 h4 54. gxh4 gxh4 55. Be5 1-0

[Event "29. Torneo San Viator 2017 - Torneo B"]
[Site "Madrid ESP"]
[Date "2017.09.17"]
[Round "1.26"]
[White "Cuadrado Carmona, Javier"]
[Black "Salgado Duarte, Pablo"]
[Result "0-1"]
[WhiteElo "1195"]
[BlackElo "1549"]
[PlyCount "104"]
[EventDate "2017.09.17"]
[EventType "swiss"]
[EventRounds "9"]
[EventCountry "ESP"]
[SourceTitle "Ajedrez en Madrid"]
[Source "lmi"]
[SourceDate "2017.09.17"]

1. e4 e5 2. Nf3 Nc6 3. Bc4 Be7 4. d4 exd4 5. Nxd4 Ne5 6. Bb3 Nf6 7. Nc3 O-O 8.
O-O h6 9. h3 Bb4 10. Re1 Bxc3 11. bxc3 d6 12. Be3 Nxe4 13. Bxh6 Qh4 14. Be3
Nxc3 15. Nf3 Nxd1 16. Nxh4 Nxe3 17. Rxe3 Be6 18. f4 Bxb3 19. axb3 Nc6 20. Rae1
Nd4 21. Rc3 c5 22. Ree3 Rfe8 23. Nf3 Ne2+ 24. Kf2 Nxc3 25. Rxc3 f6 26. Rd3 Rad8
27. Nd2 f5 28. Nc4 Re6 29. Na5 Rd7 30. Nc4 Kf8 31. Nb2 d5 32. Na4 b6 33. Nc3 d4
34. Nb5 a6 35. Na3 Rde7 36. Rd2 b5 37. c4 b4 38. Nc2 Kf7 39. Rd1 Re2+ 40. Kg1
Rxc2 41. Ra1 Rb2 42. Rxa6 Rxb3 43. Rc6 Rb1+ 44. Kh2 Rd7 45. Ra6 d3 46. Ra2 d2
47. Rxd2 Rxd2 48. h4 Rbb2 49. h5 Rxg2+ 50. Kh3 Rh2+ 51. Kg3 Rxh5 52. Kf3 Rh3#
0-1

[Event "29. Torneo San Viator 2017 - Torneo B"]
[Site "Madrid ESP"]
[Date "2017.09.17"]
[Round "1.28"]
[White "Perez Ramos, Miguel Angel"]
[Black "Fernandez Garcia, Emiliano"]
[Result "0-1"]
[WhiteElo "1163"]
[BlackElo "1537"]
[PlyCount "97"]
[EventDate "2017.09.17"]
[EventType "swiss"]
[EventRounds "9"]
[EventCountry "ESP"]
[SourceTitle "Ajedrez en Madrid"]
[Source "lmi"]
[SourceDate "2017.09.17"]

1. e4 c5 2. Nf3 e6 3. c3 d5 4. exd5 Qxd5 5. d4 a6 6. Be2 Nc6 7. Be3 cxd4 8.
Bxd4 Nxd4 9. Qa4+ Bd7 10. Qxd4 Qxd4 11. Nxd4 Bc5 12. Nf3 Nf6 13. O-O Rd8 14. b4
Bd6 15. Na3 b5 16. Nc2 O-O 17. Ne3 Rc8 18. Rac1 Rfd8 19. Bd3 Bf4 20. Rc2 Bc6
21. Be2 Be4 22. Rcc1 Bd3 23. Bxd3 Rxd3 24. Rfe1 Rdxc3 25. Rxc3 Rxc3 26. g3 Bxe3
27. Rxe3 Rxe3 28. fxe3 Nd5 29. Ne5 Nxb4 30. a3 Nc2 31. Kf2 Nxa3 32. Nd3 Kf8 33.
Ke2 Ke7 34. Kd2 Nc4+ 35. Ke2 Kd6 36. e4 a5 37. Kd1 b4 38. Kc2 Kc6 39. Kb3 Kb5
40. h4 Nd2+ 41. Kb2 Nxe4 42. Ne5 f6 43. Nf7 a4 44. g4 Kc4 45. g5 a3+ 46. Ka2
Nc3+ 47. Ka1 b3 48. Nd6+ Kd5 49. Nb5 0-1

[Event "29. Torneo San Viator 2017 - Torneo B"]
[Site "Madrid ESP"]
[Date "2017.09.17"]
[Round "1.29"]
[White "Barragan Sanchez, Enrique"]
[Black "Lavado Pena, David"]
[Result "1-0"]
[WhiteElo "1536"]
[BlackElo "1153"]
[PlyCount "53"]
[EventDate "2017.09.17"]
[EventType "swiss"]
[EventRounds "9"]
[EventCountry "ESP"]
[SourceTitle "Ajedrez en Madrid"]
[Source "lmi"]
[SourceDate "2017.09.17"]

1. d4 d5 2. Nf3 Nc6 3. c4 dxc4 4. Nc3 Nf6 5. e4 Bg4 6. Bxc4 Nxd4 7. Be2 Nxe2 8.
Qxe2 e5 9. Bg5 h6 10. Bh4 Be7 11. O-O Nh5 12. Rad1 Qc8 13. Bxe7 Kxe7 14. Qe3 f6
15. Nd5+ Kf7 16. Rd2 Rd8 17. Qb3 Qe6 18. Qxb7 Bxf3 19. gxf3 Qd7 20. Rfd1 Rab8
21. Qxc7 Qxc7 22. Nxc7 Rdc8 23. Rd7+ Kg6 24. Ne6 Rxb2 25. Rxa7 Rcc2 26. h4 Rxf2
27. Nf8# 1-0

[Event "29. Torneo San Viator 2017 - Torneo B"]
[Site "Madrid ESP"]
[Date "2017.09.17"]
[Round "1.30"]
[White "Moreno Gallardo, Sergio"]
[Black "Prieto Gonzalez, Cesar"]
[Result "0-1"]
[WhiteElo "1106"]
[BlackElo "1535"]
[PlyCount "38"]
[EventDate "2017.09.17"]
[EventType "swiss"]
[EventRounds "9"]
[EventCountry "ESP"]
[SourceTitle "Ajedrez en Madrid"]
[Source "lmi"]
[SourceDate "2017.09.17"]

1. e4 d6 2. d4 Nf6 3. Nc3 Nbd7 4. f4 e5 5. dxe5 dxe5 6. Nf3 Bb4 7. Qd2 Nxe4 8.
Qe3 Nxc3 9. bxc3 Bc5 10. Qe4 O-O 11. fxe5 Re8 12. Bd3 Nf8 13. Ng5 Qe7 14. Bf4
g6 15. h4 Ne6 16. Rf1 Nxf4 17. Rxf4 Bf5 18. Qc4 Qxe5+ 19. Kd1 Qe1# 0-1

[Event "29. Torneo San Viator 2017 - Torneo B"]
[Site "Madrid ESP"]
[Date "2017.09.17"]
[Round "1.31"]
[White "Rojo Jorge, Luis"]
[Black "Tudoroiu, Adrian Eugen"]
[Result "1-0"]
[WhiteElo "1525"]
[BlackElo "1101"]
[PlyCount "113"]
[EventDate "2017.09.17"]
[EventType "swiss"]
[EventRounds "9"]
[EventCountry "ESP"]
[SourceTitle "Ajedrez en Madrid"]
[Source "lmi"]
[SourceDate "2017.09.17"]

1. e4 g6 2. d4 Bg7 3. Nf3 d6 4. Bf4 Nf6 5. Bd3 Nbd7 6. Qd2 e6 7. O-O Qe7 8. Nc3
c6 9. Bh6 Bxh6 10. Qxh6 Ng4 11. Qf4 Ngf6 12. e5 Nh5 13. Qg4 d5 14. Qg5 f6 15.
Qh4 f5 16. Qxe7+ Kxe7 17. g3 Rf8 18. Kg2 Rf7 19. Ng5 Rg7 20. f4 Nf8 21. h4 Rg8
22. a4 h6 23. Nf3 Bd7 24. b4 Nh7 25. Rh1 Be8 26. Rag1 Bf7 27. Be2 Ng7 28. b5
Rh8 29. a5 a6 30. bxc6 bxc6 31. Na4 Rhb8 32. Nb6 Ra7 33. Rb1 Kd8 34. Rb2 Ne8
35. c4 Nc7 36. cxd5 cxd5 37. Rc1 Rab7 38. Nd2 Nf8 39. Rcb1 Nd7 40. Nb3 Be8 41.
Nc5 Nxc5 42. dxc5 Bc6 43. Kh3 h5 44. Na4 d4 45. Rxb7 Rxb7 46. Nb6 Nd5 47. Bxa6
Ra7 48. Bb5 Bxb5 49. Rxb5 Nc3 50. Rb4 d3 51. Rd4+ Kc7 52. Rxd3 Ne4 53. Rd7+ Kb8
54. Rxa7 Kxa7 55. c6 Kb8 56. a6 Nc5 57. Nd7+ 1-0

[Event "29. Torneo San Viator 2017 - Torneo B"]
[Site "Madrid ESP"]
[Date "2017.09.17"]
[Round "1.32"]
[White "Moreno Payo, Jesus"]
[Black "Serrano Ruiz, Lope"]
[Result "1-0"]
[WhiteElo "1094"]
[BlackElo "1521"]
[PlyCount "31"]
[EventDate "2017.09.17"]
[EventType "swiss"]
[EventRounds "9"]
[EventCountry "ESP"]
[SourceTitle "Ajedrez en Madrid"]
[Source "lmi"]
[SourceDate "2017.09.17"]

1. e4 e5 2. Nf3 Nc6 3. Bc4 Bc5 4. c3 Nf6 5. d3 d6 6. O-O O-O 7. b4 Bb6 8. a4 a6
9. Re1 h6 10. d4 Bg4 11. Be3 Nxe4 12. Bxh6 Nxc3 13. Qd3 Nxb1 14. Ng5 g6 15.
Qxg6+ Kh8 16. Qh7# 1-0

[Event "29. Torneo San Viator 2017 - Torneo B"]
[Site "Madrid ESP"]
[Date "2017.09.17"]
[Round "1.33"]
[White "Urbelz Perez, Ignacio"]
[Black "Amador Andujar, Gabriel"]
[Result "1-0"]
[WhiteElo "1517"]
[BlackElo "1090"]
[PlyCount "53"]
[EventDate "2017.09.17"]
[EventType "swiss"]
[EventRounds "9"]
[EventCountry "ESP"]
[SourceTitle "Ajedrez en Madrid"]
[Source "lmi"]
[SourceDate "2017.09.17"]

1. e4 e5 2. Nf3 Nc6 3. Bb5 Bc5 4. c3 Nf6 5. O-O d6 6. d4 exd4 7. cxd4 Bb6 8. d5
a6 9. Ba4 Bd7 10. dxc6 Bxc6 11. Bxc6+ bxc6 12. Bg5 O-O 13. e5 dxe5 14. Qxd8
Raxd8 15. Nxe5 Rd6 16. Bxf6 gxf6 17. Nf3 Rfd8 18. Nc3 Ba5 19. Ne4 Re6 20. Nc5
Red6 21. Nb7 Rd5 22. Nxd8 Rxd8 23. Rad1 Re8 24. Nd4 c5 25. Nf5 Re5 26. Rd8+ Re8
27. Rxe8# 1-0

[Event "29. Torneo San Viator 2017 - Torneo B"]
[Site "Madrid ESP"]
[Date "2017.09.17"]
[Round "1.34"]
[White "Majer Nunez, Chistian"]
[Black "Tenorio Garcia, Joel"]
[Result "0-1"]
[WhiteElo "1166"]
[BlackElo "1515"]
[PlyCount "52"]
[EventDate "2017.09.17"]
[EventType "swiss"]
[EventRounds "9"]
[EventCountry "ESP"]
[SourceTitle "Ajedrez en Madrid"]
[Source "lmi"]
[SourceDate "2017.09.17"]

1. d4 Nf6 2. e3 g6 3. Nc3 d5 4. Nf3 Bg7 5. Ng5 h6 6. Nf3 O-O 7. Nd2 c5 8. dxc5
Qc7 9. Nb3 Rd8 10. Nb5 Qd7 11. e4 Nxe4 12. Bf4 e5 13. Bg3 a6 14. Bh4 g5 15. Nd6
Nxd6 16. cxd6 gxh4 17. Qxd5 Qxd6 18. Qe4 Qe7 19. Bd3 f5 20. Qc4+ Be6 21. Qc3 e4
22. Qa5 exd3 23. Rd1 Bxb3+ 24. Kf1 Qe2+ 25. Kg1 Qxd1+ 26. Qe1 Qxe1# 0-1

[Event "29. Torneo San Viator 2017 - Torneo B"]
[Site "Madrid ESP"]
[Date "2017.09.17"]
[Round "1.35"]
[White "Garcia Prada, Alejandro"]
[Black "Rodriguez Arribas, Pedro"]
[Result "1-0"]
[WhiteElo "1505"]
[BlackElo "1082"]
[PlyCount "85"]
[EventDate "2017.09.17"]
[EventType "swiss"]
[EventRounds "9"]
[EventCountry "ESP"]
[SourceTitle "Ajedrez en Madrid"]
[Source "lmi"]
[SourceDate "2017.09.17"]

1. e4 e5 2. Nf3 Nc6 3. Bb5 a6 4. Ba4 Nf6 5. O-O d5 6. exd5 b5 7. Bxb5 axb5 8.
dxc6 Bd6 9. d3 O-O 10. h3 h6 11. Re1 Re8 12. Nc3 Bb4 13. Bd2 Bxc3 14. Bxc3 e4
15. Bxf6 Qxf6 16. dxe4 Qxc6 17. Qd5 Qa6 18. Nd4 Bb7 19. Qxb5 Qxb5 20. Nxb5 Bxe4
21. Nxc7 Bxc2 22. Rxe8+ Rxe8 23. Nxe8 f5 24. Nd6 g5 25. Rc1 Ba4 26. Rc7 f4 27.
b3 Bc6 28. Rxc6 Kg7 29. Nf5+ Kh7 30. Rxh6+ Kg8 31. Rg6+ Kf7 32. Rb6 Kf8 33. a4
Ke8 34. b4 Kd7 35. b5 Kd8 36. a5 Kd7 37. a6 Kd8 38. a7 Kd7 39. Nh4 gxh4 40. f3
Kd8 41. a8=Q+ Kd7 42. Qa7+ Kd8 43. Rb8# 1-0

[Event "29. Torneo San Viator 2017 - Torneo B"]
[Site "Madrid ESP"]
[Date "2017.09.17"]
[Round "1.36"]
[White "Lopez Ochoa, Arsenio"]
[Black "Periotto Miori, Lautaro"]
[Result "0-1"]
[WhiteElo "1035"]
[BlackElo "1492"]
[PlyCount "38"]
[EventDate "2017.09.17"]
[EventType "swiss"]
[EventRounds "9"]
[EventCountry "ESP"]
[SourceTitle "Ajedrez en Madrid"]
[Source "lmi"]
[SourceDate "2017.09.17"]

1. e4 c5 2. Nf3 d6 3. Bb5+ Bd7 4. Bc4 a6 5. Nc3 e6 6. d4 b5 7. Bf1 cxd4 8. Nxd4
Nf6 9. Bg5 Be7 10. Nf3 b4 11. Bxf6 Bxf6 12. Ne2 Bc6 13. e5 dxe5 14. Qxd8+ Kxd8
15. O-O-O+ Ke7 16. Nd2 Bg5 17. c3 Rc8 18. Kc2 Bxd2 19. Rxd2 Be4+ 0-1

[Event "29. Torneo San Viator 2017 - Torneo B"]
[Site "Madrid ESP"]
[Date "2017.09.24"]
[Round "2.1"]
[White "Fernandez Garcia, Emiliano"]
[Black "Navarro Gonzalez, Jaime"]
[Result "1/2-1/2"]
[WhiteElo "1537"]
[BlackElo "1748"]
[PlyCount "94"]
[EventDate "2017.09.17"]
[EventType "swiss"]
[EventRounds "9"]
[EventCountry "ESP"]
[SourceTitle "Ajedrez en Madrid"]
[Source "lmi"]
[SourceDate "2017.09.17"]

1. d4 Nf6 2. Bf4 g6 3. Nf3 Bg7 4. e3 O-O 5. Be2 Re8 6. h3 c5 7. c3 b6 8. O-O
Bb7 9. Nbd2 d6 10. Bh2 Nbd7 11. Re1 Ne4 12. Qc2 Nxd2 13. Nxd2 Rc8 14. Qa4 Bc6
15. Bb5 Bxb5 16. Qxb5 Nb8 17. a4 d5 18. Bxb8 Rxb8 19. b3 Qc7 20. Rac1 e5 21.
dxe5 Qxe5 22. Nf3 Qe4 23. Red1 Rbd8 24. Qc6 Qe6 25. Qxe6 fxe6 26. c4 d4 27.
exd4 cxd4 28. Rc2 e5 29. Rcd2 Bh6 30. Re2 Bg7 31. Kf1 Bf6 32. Re4 d3 33. Ke1
Re6 34. Kd2 Be7 35. Kc3 Bc5 36. Rxd3 Rxd3+ 37. Kxd3 Bxf2 38. Rxe5 Rd6+ 39. Rd5
Re6 40. Rd8+ Kg7 41. Rd7+ Kh6 42. Kc3 a5 43. Rd3 Bc5 44. Nd4 Rf6 45. Nf3 Re6
46. Nd4 Re1 47. Nc2 Re2 1/2-1/2

[Event "29. Torneo San Viator 2017 - Torneo B"]
[Site "Madrid ESP"]
[Date "2017.09.24"]
[Round "2.2"]
[White "Villanueva Ortega, Ruben"]
[Black "Barragan Sanchez, Enrique"]
[Result "1-0"]
[WhiteElo "1744"]
[BlackElo "1536"]
[PlyCount "29"]
[EventDate "2017.09.17"]
[EventType "swiss"]
[EventRounds "9"]
[EventCountry "ESP"]
[SourceTitle "Ajedrez en Madrid"]
[Source "lmi"]
[SourceDate "2017.09.17"]

1. e4 e6 2. d4 d5 3. Nc3 Bb4 4. Qg4 Nf6 5. Qxg7 Rg8 6. Qh6 dxe4 7. a3 Be7 8.
Be3 Nc6 9. O-O-O b6 10. Bb5 Bb7 11. d5 exd5 12. Nxd5 Nxd5 13. Bxc6+ Bxc6 14.
Qxc6+ Kf8 15. Bh6+ 1-0

[Event "29. Torneo San Viator 2017 - Torneo B"]
[Site "Madrid ESP"]
[Date "2017.09.24"]
[Round "2.3"]
[White "Prieto Gonzalez, Cesar"]
[Black "Perez Sempere, Alberto"]
[Result "1-0"]
[WhiteElo "1535"]
[BlackElo "1731"]
[PlyCount "141"]
[EventDate "2017.09.17"]
[EventType "swiss"]
[EventRounds "9"]
[EventCountry "ESP"]
[SourceTitle "Ajedrez en Madrid"]
[Source "lmi"]
[SourceDate "2017.09.17"]

1. e4 c5 2. Nc3 Nc6 3. f4 d6 4. Nf3 g6 5. Bc4 Bg7 6. O-O e6 7. d3 Nge7 8. Qe1
h6 9. a3 O-O 10. Ne2 Nd4 11. Nexd4 cxd4 12. Bb3 Bd7 13. Qh4 f5 14. Kh1 Nc6 15.
Qg3 Kh7 16. Qh3 Kg8 17. Nh4 Qe8 18. exf5 d5 19. fxg6 Ne7 20. Qg3 Rf6 21. Bd2
Nxg6 22. Nxg6 Rxg6 23. Qf3 Rf6 24. Rae1 Qf7 25. Bb4 b6 26. Bd6 Rc8 27. Be5 Rg6
28. Bxg7 Qxg7 29. Re5 a5 30. a4 Rf8 31. c4 dxc3 32. bxc3 Rc8 33. Rc1 Bc6 34. d4
Qf8 35. Bc2 Qa3 36. Ree1 Rg7 37. Ra1 Qd6 38. g3 Bd7 39. Re3 Rf8 40. Qh5 Rf6 41.
Qh4 Qf8 42. Rf3 Rgf7 43. Bd3 Qc8 44. Bc2 Qf8 45. Qh5 Rg7 46. Qe5 Rg5 47. Qc7
Rg7 48. Qxb6 e5 49. Qxa5 e4 50. Qxd5+ Kh8 51. Re3 Bc6 52. Qh5 Re7 53. Qe2 Qa8
54. c4 Bb7 55. d5 Bxd5 56. cxd5 Qxd5 57. Bxe4 Qd4 58. Raa3 Rfe6 59. Rad3 Qa1+
60. Kg2 Qxa4 61. Rd8+ Re8 62. Rxe8+ Qxe8 63. Kf3 Qh5+ 64. Kg2 Qe8 65. Kf2 Qf8
66. Qb2+ Rf6 67. Qb7 Rf7 68. Qb2+ Rf6 69. Kf3 Qf7 70. Qe5 Kg7 71. Rc3 1-0

[Event "29. Torneo San Viator 2017 - Torneo B"]
[Site "Madrid ESP"]
[Date "2017.09.24"]
[Round "2.4"]
[White "Bustos Bernardo, Diego"]
[Black "Rojo Jorge, Luis"]
[Result "0-1"]
[WhiteElo "1730"]
[BlackElo "1525"]
[PlyCount "54"]
[EventDate "2017.09.17"]
[EventType "swiss"]
[EventRounds "9"]
[EventCountry "ESP"]
[SourceTitle "Ajedrez en Madrid"]
[Source "lmi"]
[SourceDate "2017.09.17"]

1. Nf3 Nf6 2. c4 g6 3. Nc3 d5 4. cxd5 Nxd5 5. e4 Nxc3 6. bxc3 Bg7 7. Bb5+ Bd7
8. Qb3 O-O 9. Be2 Bc6 10. Qc2 Qd6 11. d4 b6 12. O-O Bb7 13. Be3 Nc6 14. Rfd1
Rad8 15. Qd2 Na5 16. Bf4 Qe6 17. d5 Qxe4 18. Bxc7 Rxd5 19. Bd3 Qe6 20. Rac1 Ba6
21. Qc2 Bxd3 22. Rxd3 Rc8 23. Re1 Qf5 24. Nd4 Qd7 25. Nb5 Rxd3 26. Nd4 Bxd4 27.
cxd4 Rxd4 0-1

[Event "29. Torneo San Viator 2017 - Torneo B"]
[Site "Madrid ESP"]
[Date "2017.09.24"]
[Round "2.6"]
[White "Tenorio Garcia, Joel"]
[Black "Franco Rincon, David"]
[Result "1-0"]
[WhiteElo "1515"]
[BlackElo "1686"]
[PlyCount "61"]
[EventDate "2017.09.17"]
[EventType "swiss"]
[EventRounds "9"]
[EventCountry "ESP"]
[SourceTitle "Ajedrez en Madrid"]
[Source "lmi"]
[SourceDate "2017.09.17"]

1. e4 Nc6 2. d4 e5 3. Nf3 exd4 4. Nxd4 Bc5 5. Be3 Qf6 6. c3 d6 7. Bb5 Nge7 8.
O-O Bb6 9. Re1 O-O 10. Qd2 Qg6 11. f3 Ne5 12. Kh1 f5 13. Qc2 fxe4 14. Qxe4 Qxe4
15. fxe4 Ng4 16. Nd2 Nxe3 17. Rxe3 Bg4 18. Rg3 Bh5 19. Bc4+ Kh8 20. Ne6 Rf2 21.
Rxg7 Rxd2 22. Rxe7 Rg8 23. Nf4 Rg5 24. Nxh5 Rxh5 25. Rf1 Bf2 26. Rf7 Bh4 27.
Rxc7 Bf2 28. Rf7 Bg3 29. Rf8+ Kg7 30. Rg8+ Kh6 31. Rf6# 1-0

[Event "29. Torneo San Viator 2017 - Torneo B"]
[Site "Madrid ESP"]
[Date "2017.09.24"]
[Round "2.7"]
[White "Garcia Prada, Alejandro"]
[Black "Merino Araguas, Jose Javier"]
[Result "0-1"]
[WhiteElo "1505"]
[BlackElo "1680"]
[PlyCount "102"]
[EventDate "2017.09.17"]
[EventType "swiss"]
[EventRounds "9"]
[EventCountry "ESP"]
[SourceTitle "Ajedrez en Madrid"]
[Source "lmi"]
[SourceDate "2017.09.17"]

1. e4 e6 2. d4 d5 3. exd5 exd5 4. Bd3 Nc6 5. Nf3 Bd6 6. O-O Nge7 7. Bg5 Bg4 8.
c3 O-O 9. Nbd2 Qd7 10. h3 Bf5 11. Qc2 Rfe8 12. Rfe1 Bxd3 13. Qxd3 f6 14. Be3
Qf5 15. Qxf5 Nxf5 16. Nf1 Kf7 17. Re2 Nxe3 18. Nxe3 Ne7 19. Rae1 c6 20. Nc2 Ng6
21. Rxe8 Rxe8 22. Rxe8 Kxe8 23. g3 Kf7 24. Ne3 Ne7 25. Kf1 Ke6 26. Ke2 g6 27.
b3 Bc7 28. Ne1 Nc8 29. Nd3 Nd6 30. Nf4+ Kf7 31. Ng4 Ne4 32. Kd3 h5 33. Nh6+ Kg7
34. Ne6+ Kxh6 35. Nxc7 Nxf2+ 36. Ke3 Ne4 37. c4 Nxg3 38. cxd5 Nf5+ 39. Ke4 Nd6+
40. Kf4 g5+ 41. Kf3 cxd5 42. Nxd5 Kg6 43. Ne7+ Kf7 44. Nd5 Ke6 45. Ne3 f5 46.
a4 f4 47. Nc4 Kd5 48. Nxd6 Kxd6 49. Ke4 a5 50. d5 b6 51. Kd4 f3 0-1

[Event "29. Torneo San Viator 2017 - Torneo B"]
[Site "Madrid ESP"]
[Date "2017.09.24"]
[Round "2.8"]
[White "Periotto Miori, Lautaro"]
[Black "Ramos Antona, Enrique"]
[Result "1-0"]
[WhiteElo "1492"]
[BlackElo "1650"]
[PlyCount "59"]
[EventDate "2017.09.17"]
[EventType "swiss"]
[EventRounds "9"]
[EventCountry "ESP"]
[SourceTitle "Ajedrez en Madrid"]
[Source "lmi"]
[SourceDate "2017.09.17"]

1. e4 e5 2. Nf3 Nc6 3. Bc4 Bc5 4. d3 Nf6 5. c3 d6 6. Bb3 a6 7. O-O O-O 8. Re1
Be6 9. Bc2 h6 10. d4 exd4 11. cxd4 Bb4 12. Bd2 Bxd2 13. Nbxd2 Bg4 14. Nb3 g6
15. h3 Bxf3 16. Qxf3 Nd7 17. Qe3 Kg7 18. Qc3 Kh7 19. d5 Ne7 20. f4 f5 21. Nd4
Rf6 22. Ne6 Qc8 23. Nxc7 Rb8 24. exf5 Qf8 25. Ne6 Qe8 26. fxg6+ Kg8 27. Qd4
Nxg6 28. Bxg6 Rxg6 29. f5 Rf6 30. Qg4+ 1-0

[Event "29. Torneo San Viator 2017 - Torneo B"]
[Site "Madrid ESP"]
[Date "2017.09.24"]
[Round "2.9"]
[White "Gomez Logrosan, Cristian"]
[Black "Aldea Moreno, Marina"]
[Result "0-1"]
[WhiteElo "1638"]
[BlackElo "1479"]
[PlyCount "128"]
[EventDate "2017.09.17"]
[EventType "swiss"]
[EventRounds "9"]
[EventCountry "ESP"]
[SourceTitle "Ajedrez en Madrid"]
[Source "lmi"]
[SourceDate "2017.09.17"]

1. Nf3 Nc6 2. g3 e5 3. d3 Nf6 4. Bg2 Bc5 5. O-O O-O 6. e4 d6 7. c3 Bg4 8. h3
Bh5 9. Nbd2 d5 10. Qc2 Bb6 11. Re1 Re8 12. Nh4 Ne7 13. exd5 Nexd5 14. Nc4 c6
15. Rxe5 Rxe5 16. Nxe5 Ne8 17. Nc4 Bc7 18. Bd2 Qd7 19. Re1 Rd8 20. d4 f6 21.
Be4 g5 22. Nf5 Bg6 23. Nh6+ Kg7 24. Bxg6 hxg6 25. Ng4 Kf7 26. Bxg5 b5 27. Nce5+
fxe5 28. Nxe5+ Bxe5 29. dxe5 Ng7 30. Bxd8 Qxd8 31. Qe4 Qd7 32. Kh2 Ne6 33. Qf3+
Kg7 34. Qg4 Qf7 35. Kg2 a5 36. Qf3 Qe7 37. h4 a4 38. a3 Kh6 39. Qe2 Ndf4+ 40.
gxf4 Nxf4+ 41. Kg1 Nxe2+ 42. Rxe2 Qxh4 43. e6 Qe7 44. Kf1 Kg5 45. Ke1 Kf4 46.
Re3 g5 47. Kf1 Kf5 48. Ke2 g4 49. Kf1 Kf4 50. Ke2 Kf5 51. Kf1 Kf6 52. Ke2 Kg7
53. Ke1 Kf8 54. Ke2 Ke8 55. Ke1 Qd6 56. Re2 Qd3 57. Rd2 Qe4+ 58. Kd1 Qf3+ 59.
Re2 Ke7 60. Kd2 Qd5+ 61. Ke1 Qc4 62. Kf1 c5 63. Ke1 b4 64. cxb4 Qc1# 0-1